000
00257nam a2200097Ia 4500
001
1103392
005
20250827003339.0
008
250824s9999 xx 000 0 und d
245
0
_a
AVRUPA NIN 50 NÜYÜK YALANI
_c
MUSTAFA ARMAĞAN
260
_b
KETEBE YAYINLARI
999
_c
1103392
_d
1103392